000 00484nam a2200217Ia 4500
003 OSt
005 20221005130940.0
006 a|||||r|||| 00| 0
007 ta
008 ORI
024 _a27539
037 _cTextual
040 _aCRL
_cCRL
_bORI
041 _2ORI
_aORI
082 _aV2y7M94, 1591L3
100 _aDas B.R.
_9638904
245 0 _aSathi mahal
260 _c1973
942 _hV2y7M94, 1591L3
_cTEXL
_2cc
999 _c1058895
_d1058895